Pakistani football players by picture - Statistics

General Stats
  • This quiz has been taken 5 times
  • The average score is 6 of 12
Answer Stats
Picture Answer % Correct
Zesh Rehman
100%
Abdullah Iqbal
67%
Kaleemullah Khan
67%
Muhammad Essa
67%
Abdul Ghafoor
33%
Easah Suliman
33%
Haroon Yousaf
33%
Harun Hamid
33%
Hassan Bashir
33%
Jaffar Khan
33%
Masood Fakhri
33%
Muhammad Umer
33%
No matching quizzes found
Score Distribution
Percent of People with Each Score
Percentile by Number Answered
Your Score History
You have not taken this quiz